[Event "Open Vysocina 2018"]
[Site "Trebic"]
[Date "2018.09.29"]
[Round "9"]
[White "Rychtecky, Pavel"]
[Black "Heppell, Ian N"]
[Result "0-1"]
[WhiteElo "1537"]
[BlackElo "2031"]
[PlyCount "134"]
[EventDate "2018.09.22"]

1. e4 e5 2. Nf3 Nc6 3. Bb5 Nge7 4. d4 exd4 5. Nxd4 g6 6. O-O Bg7 7. Be3 O-O 8.
f4 d5 9. e5 Nxd4 10. Bxd4 c6 11. Ba4 Qa5 12. c3 Be6 13. b4 Qa6 14. Bc5 Rfe8 15.
Bc2 b6 16. Bd3 Qb7 17. Bf2 a5 18. Nd2 axb4 19. cxb4 Ra3 20. Nb1 Ra7 21. a4 f6
22. Bd4 fxe5 23. Bxe5 Nf5 24. Bxf5 Bxf5 25. Qd4 Bxe5 26. fxe5 Qc7 27. Re1 Bxb1
28. Rexb1 Rxe5 29. a5 bxa5 30. Rxa5 Rb7 31. Ra8+ Rb8 32. Ra7 Qb6 33. Qf2 Qxf2+
34. Kxf2 Rf8+ 35. Kg1 Rfe8 36. Rc7 Re1+ 37. Rxe1 Rxe1+ 38. Kf2 Re6 39. b5 cxb5
40. Rc5 Rb6 41. Rxd5 b4 42. Rd2 b3 43. Rb2 Kf7 44. Ke3 Ke6 45. Kd4 Kf5 46. Ke3
Ke5 47. Kd3 Kf4 48. Rf2+ Kg4 49. Rb2 h5 50. Ke3 h4 51. Kf2 Rb5 52. Kg1 Kf4 53.
Kf2 Ke4 54. Ke2 Kd4 55. Kd2 Kc4 56. Rb1 b2 57. Kc2 Kd4 58. Rd1+ Ke3 59. Kb1 Ke2
60. Rd6 g5 61. Rf6 Rb4 62. Rf5 Rg4 63. g3 hxg3 64. hxg3 Rxg3 65. Kxb2 g4 66.
Kc2 Rg1 67. Rf7 g3 0-1

[Event "Open Vysocina 2018"]
[Site "Trebic"]
[Date "2018.09.29"]
[Round "9"]
[White "Bradac, Roman"]
[Black "Grabarczyk, Sylwester"]
[Result "1/2-1/2"]
[WhiteElo "1999"]
[BlackElo "1782"]
[PlyCount "66"]
[EventDate "2018.09.22"]

1. d4 Nf6 2. Nf3 g6 3. c4 d5 4. Nc3 Bg7 5. Bg5 e6 6. g3 O-O 7. Bg2 h6 8. Be3
dxc4 9. Ne5 Nd5 10. Qd2 Nxe3 11. Qxe3 Nc6 12. Nxc6 bxc6 13. Rd1 Rb8 14. Rd2 Bd7
15. O-O Rb4 16. Ne4 Qe7 17. Nc5 a5 18. Rc1 Rd8 19. a3 Rb5 20. Rxc4 Be8 21. Na4
Qd6 22. Nc3 Rb6 23. Ne4 Qe7 24. f4 Rdb8 25. Qc3 Rb3 26. Qc1 g5 27. fxg5 hxg5
28. Nc5 R3b5 29. e4 Rd8 30. b4 axb4 31. axb4 Rdb8 32. e5 Ra8 33. Ne4 Ra4
1/2-1/2

[Event "Open Vysocina 2018"]
[Site "Trebic"]
[Date "2018.09.29"]
[Round "9"]
[White "Aird, Ian"]
[Black "Stork, Rostislav"]
[Result "1/2-1/2"]
[WhiteElo "1857"]
[BlackElo "1779"]
[PlyCount "46"]
[EventDate "2018.09.22"]

1. e4 e5 2. Nf3 Nf6 3. Nxe5 d6 4. Nf3 Nxe4 5. Nc3 Nxc3 6. dxc3 Nc6 7. Be3 Be7
8. Qd2 Be6 9. O-O-O Qd7 10. Kb1 O-O 11. h4 Rfb8 12. Ng5 b5 13. Bd3 Bf5 14. g4
Bxg4 15. Rdg1 h5 16. f3 Bxg5 17. fxg4 Bxe3 18. Qxe3 hxg4 19. Qg5 Ne5 20. Bf5
Qd8 21. Qf4 Qf6 22. Qe4 a5 23. Bxg4 b4 1/2-1/2

[Event "Open Vysocina 2018"]
[Site "Trebic"]
[Date "2018.09.29"]
[Round "9"]
[White "Oburka, Vladislav"]
[Black "Endler, Boris"]
[Result "1/2-1/2"]
[WhiteElo "1802"]
[BlackElo "1778"]
[PlyCount "42"]
[EventDate "2018.09.22"]

1. e4 c5 2. Nf3 Nc6 3. d4 cxd4 4. Nxd4 Nf6 5. Nc3 e5 6. Ndb5 d6 7. Bg5 a6 8.
Na3 Be6 9. Nd5 Qa5+ 10. Bd2 Qd8 11. Nxf6+ Qxf6 12. c3 Be7 13. Nc2 d5 14. exd5
Bxd5 15. Ne3 Be6 16. Bd3 Bc5 17. Qe2 O-O 18. Be4 Rac8 19. Nd5 Qd8 20. Ne3 f5
21. Bc2 e4 1/2-1/2

[Event "Open Vysocina 2018"]
[Site "Trebic"]
[Date "2018.09.29"]
[Round "9"]
[White "Kalveus, Jan"]
[Black "Svoboda, Frantisek"]
[Result "1-0"]
[WhiteElo "1854"]
[BlackElo "1760"]
[PlyCount "69"]
[EventDate "2018.09.22"]

1. d4 Nc6 2. Nf3 d5 3. Bf4 Bf5 4. e3 a6 5. c3 e6 6. Qb3 Na5 7. Qa4+ c6 8. Nbd2
b5 9. Qd1 Bd6 10. Bxd6 Qxd6 11. Nb3 Nc4 12. Qc1 Nf6 13. Nc5 Ne4 14. b3 Nb6 15.
Nxe4 dxe4 16. Nd2 O-O 17. Be2 Rfd8 18. O-O Nd5 19. Qc2 Nf6 20. Qb2 c5 21. Rfd1
cxd4 22. cxd4 Nd5 23. Rac1 Rac8 24. Rxc8 Rxc8 25. Rc1 Qd7 26. a3 Rc7 27. Rc5 e5
28. b4 Nb6 29. Qc2 Rxc5 30. dxc5 Qc6 31. Nb3 Be6 32. Na5 Qc7 33. Qxe4 Bd5 34.
Qd3 Bc4 35. cxb6 1-0

[Event "Open Vysocina 2018"]
[Site "Trebic"]
[Date "2018.09.29"]
[Round "9"]
[White "Korinkova, Eva"]
[Black "Novak, Pavel"]
[Result "1-0"]
[WhiteElo "1833"]
[BlackElo "1479"]
[PlyCount "45"]
[EventDate "2018.09.22"]

1. e4 e5 2. Nf3 Nc6 3. Bb5 Nf6 4. O-O a6 5. Bxc6 dxc6 6. Nxe5 Nxe4 7. Qf3 Nf6
8. Re1 Be7 9. Nc3 O-O 10. d3 Re8 11. Bf4 Bd6 12. h3 Bxe5 13. Bxe5 Nd5 14. Qg3
f6 15. Nxd5 cxd5 16. Bxc7 Rxe1+ 17. Rxe1 Qf8 18. Bd6 Qf7 19. Re7 Qg6 20. Qf3
Qg5 21. Bf4 Qf5 22. g4 Qg6 23. Qxd5+ 1-0

[Event "Open Vysocina 2018"]
[Site "Trebic"]
[Date "2018.09.29"]
[Round "9"]
[White "Benda, Vladimir"]
[Black "Glacner, Karel"]
[Result "1-0"]
[WhiteElo "1493"]
[BlackElo "1482"]
[PlyCount "76"]
[EventDate "2018.09.22"]

1. d4 e5 2. dxe5 Nc6 3. Nf3 Qe7 4. Qd5 Nb4 5. Qc4 Nc6 6. Bf4 b5 7. Qb3 b4 8. e3
h6 9. Bg3 Bb7 10. Nbd2 a5 11. c4 g5 12. h3 O-O-O 13. Qa4 Bg7 14. O-O-O Bxe5 15.
Nxe5 Nxe5 16. Qxa5 f6 17. Nf3 c5 18. a3 d6 19. axb4 Nc6 20. Qb6 cxb4 21. Bd3
Qc7 22. Bf5+ Kb8 23. Qb5 Nge7 24. Be6 Ka7 25. Kc2 Kb8 26. Ra1 Ne5 27. Qxb4 d5
28. b3 Qc6 29. Nxe5 Qxe6 30. Nf7+ Kc8 31. Nxh8 Qe4+ 32. Kc1 dxc4 33. Qxc4+
Qxc4+ 34. bxc4 Bxg2 35. Rh2 Be4 36. Nf7 Rd3 37. Nd6+ Kd7 38. Nxe4 Ke8 1-0

[Event "Open Vysocina 2018"]
[Site "Trebic"]
[Date "2018.09.29"]
[Round "9"]
[White "Divis, Jan"]
[Black "Zeleny, Ondrej"]
[Result "1-0"]
[WhiteElo "1526"]
[BlackElo "1358"]
[PlyCount "71"]
[EventDate "2018.09.22"]

1. Nf3 Nf6 2. d4 g6 3. c3 Bg7 4. Nbd2 O-O 5. e4 d6 6. Be2 Nbd7 7. O-O e5 8.
dxe5 Nxe5 9. Nxe5 dxe5 10. Qc2 b6 11. Nb3 Bb7 12. f3 Qe7 13. Bg5 h6 14. Bh4 g5
15. Bf2 Kh8 16. Rad1 Rg8 17. g4 h5 18. h3 hxg4 19. hxg4 Bh6 20. Bg3 Kg7 21. Kg2
Rh8 22. Rh1 Rh7 23. Rh2 Rah8 24. Nd2 Nd7 25. Nf1 Nf8 26. Ne3 Bc8 27. Qa4 Qc5
28. Nf5+ Bxf5 29. exf5 a5 30. Qe4 f6 31. Rd5 Qe7 32. Qd3 Kg8 33. Rd8 Bg7 34.
Rxh7 Rxh7 35. Qd5+ Kh8 36. Bc4 1-0